Ekonomické aspekty využívání nerostných surovin obsahujících stopové prvky

Salvato in:
Dettagli Bibliografici
Autore principale: Vaněček, Mirko
Altri autori: Doškář, Zdeněk
Natura: Libro
Lingua:ceco
Pubblicazione: Praha Výzkumný ústav plánování a řízení národního hospodářství 1983
Serie:Ekonomická studie č. 106
Tags: Aggiungi Tag
Nessun Tag, puoi essere il primo ad aggiungerne!!

MARC

LEADER 00000nam a2200000 4500
001 c116304
005 20041019155204.2
041 0 |a cze 
044 |a CZ 
245 1 0 |a Ekonomické aspekty využívání nerostných surovin obsahujících stopové prvky  |c Mirko Vaněček, Zdeněk Doškář 
264 1 |a Praha  |b Výzkumný ústav plánování a řízení národního hospodářství  |c 1983 
300 |a 128 s. 
490 1 |a Ekonomická studie  |v č. 106 
830 0 |a Ekonomická studie  |v č. 106 
100 1 |a Vaněček, Mirko 
700 1 |a Doškář, Zdeněk